| 000 | 00734nam a2200205 a 4500 | ||
|---|---|---|---|
| 001 | 000037036 | ||
| 005 | 20200930080111.0 | ||
| 008 | 120209s1976 sp 000 0 spa d | ||
| 020 | _a8430906495 | ||
| 040 |
_aDO-SdBNP _bspa _cBNPHU |
||
| 082 |
_axxxx _bW549T |
||
| 100 | 1 |
_aWeymouth, Lally _963444 |
|
| 240 | 1 | 0 |
_aThomas Jefferson, the man... his influence _lEspañol |
| 245 | 1 | 0 |
_aThomas Jefferson : _bel hombre...su mundo...su influencia / _cdirigido por Lally Weymouth ; traducido por Jose Belloch Zimmermann. |
| 260 |
_aMadrid : _bEditorial Tecnos, _c1976. |
||
| 300 |
_a279 p. : _bils.,retr. ; _c24 cm. |
||
| 500 | _atraducido del inglés | ||
| 700 | 1 |
_aWeymouth, Lally _963444 |
|
| 700 | 1 |
_aBelloch Zimmermann, José, _etr. _963445 |
|
| 999 |
_c36526 _d36526 |
||